♫ "Sober Up" - Lyrics - AJR ♫ - Statistics

General Stats
  • This quiz has been taken 75 times
  • The average score is 315 of 375
Answer Stats
Lyric % Correct
feel
100%
I
100%
it
100%
me
100%
you
100%
You
100%
you)
100%
again
96%
again?
96%
again,
96%
again...)
96%
And
96%
and
96%
help
96%
sober
96%
somethin'
96%
to
96%
up?
96%
up,
96%
Won't
96%
be
92%
go
92%
(Go
92%
want
90%
your
90%
Hello,
88%
hello
88%
I'm
88%
that
88%
time
88%
wanna
88%
young
88%
All
87%
made
87%
makes
87%
not
87%
the
87%
they
85%
you're
85%
You're
85%
face
83%
hope
83%
in
83%
Last
83%
supposed
83%
where
83%
'Cause
81%
drunk
81%
got
81%
grade
81%
Growin'
81%
kids,
81%
missin'
81%
saw
81%
second
81%
big
79%
recess
79%
Was
79%
how
77%
How's
77%
my
73%
My
73%
(My
73%
numb
73%
We
73%
we
73%
at
67%
At
67%
keep
65%
"Goodbye,
63%
goodbye)
63%
party
63%
smile
63%
best
62%
best-est
62%
friends
62%
new
62%
said
62%
buds
60%
But
60%
anything
58%
did
58%
else
58%
our
56%
touch
56%
forget
54%
is
54%
soon
54%
favorite
52%
we'd
50%
color
48%
just
48%
Can
42%
that's
42%
frequency
38%
out
35%
vibratin'
29%
finally
27%
(Oh,
21%
oh,
21%
oh)
21%
No matching quizzes found
Score Distribution
Percent of People with Each Score
Percentile by Number Answered
Your Score History
You have not taken this quiz